Les villes ayant eu un club en Ligue 2 - Statistiques

Statistiques générales
  • Ce quiz a été pris 53 fois
    3 depuis la dernière actualisation
  • Le résultat moyen est 83 sur 160
Statistiques - réponses
Première saison Ville % Correct
1953-1954 Aix-en-Provence
100%
1933-1934 Amiens
100%
1945-1946 Angers
100%
1988-1989 Annecy
100%
1970-1971 Arles
100%
1974-1975 Auxerre
100%
1945-1946 Avignon
100%
1945-1946 Besançon
100%
1933-1934 Béziers
100%
1933-1934 Bordeaux
100%
1935-1936 Boulogne-sur-Mer
100%
1970-1971 Brest
100%
1949-1950 Cannes
100%
1975-1976 Cholet
100%
1945-1946 Clermont-Ferrand
100%
1937-1938 Colmar
100%
2023-2024 Concarneau
100%
1989-1990 Créteil
100%
1935-1936 Dunkerque
100%
2010-2011 Évian-les-Bains
100%
1945-1946 Grenoble
100%
1933-1934 Hyères
100%
1985-1986 Istres
100%
1983-1984 La Roche-sur-Yon
100%
1970-1971 Laval
100%
1945-1946 Le Mans
100%
1934-1935 Lens
100%
1956-1957 Lille
100%
1961-1962 Limoges
100%
1967-1968 Lorient
100%
1933-1934 Lyon
100%
1971-1972 Martigues
100%
1933-1934 Metz
100%
1933-1934 Monaco
100%
1935-1936 Montpellier
100%
1933-1934 Mulhouse
100%
1935-1936 Nancy
100%
1945-1946 Nantes
100%
1933-1934 Nice
100%
1935-1936 Nîmes
100%
2020-2021 Pau
100%
1970-1971 Poitiers
100%
1935-1936 Reims
100%
1933-1934 Roubaix
100%
1933-1934 Rouen
100%
1933-1934 Saint-Étienne
100%
1933-1934 Saint-Ouen-sur-Seine
100%
1954-1955 Sète
100%
1946-1947 Sochaux
100%
1933-1934 Strasbourg
100%
1945-1946 Toulon
100%
1933-1934 Tourcoing
100%
1935-1936 Troyes
100%
1984-1985 Valence
100%
1933-1934 Valenciennes
100%
2008-2009 Vannes
100%
1966-1967 Ajaccio
67%
1945-1946 Angoulême
67%
1945-1946 Antibes
67%
1965-1966 Bastia
67%
1985-1986 Beauvais
67%
1934-1935 Caen
67%
1933-1934 Calais
67%
2019-2020 Chambly
67%
1935-1936 Charleville-Mézières
67%
1960-1961 Cherbourg
67%
1987-1988 Dijon
67%
1974-1975 Épinal
67%
2010-2011 Gaillard
67%
1971-1972 La Rochelle
67%
1980-1981 Libourne
67%
1965-1966 Marignane
67%
1949-1950 Marseille
67%
1973-1974 Nevers
67%
1985-1986 Niort
67%
1933-1934 Paris
67%
1945-1946 Perpignan
67%
1970-1971 Quimper
67%
1937-1938 Rennes
67%
1993-1994 Saint-Brieuc
67%
1933-1934 Saint-Malo
67%
1953-1954 Sedan
67%
1979-1980 Thonon-les-Bains
67%
1945-1946 Vichy
67%
1933-1934 Alès
33%
1991-1992 Ancenis
33%
1937-1938 Arras
33%
2015-2016 Bourg-en-Bresse
33%
1984-1985 Bourg-sous-la-Roche
33%
1970-1971 Châteauroux
33%
1987-1988 Châtellerault
33%
1937-1938 Dieppe
33%
1971-1972 Évreux
33%
1949-1950 Grasse
33%
1970-1971 Gueugnon
33%
1977-1978 Guingamp
33%
1933-1934 Le Havre
33%
1984-1985 Le Puy-en-Velay
33%
1946-1947 Montbéliard
33%
1976-1977 Nœux-les-Mines
33%
1978-1979 Orléans
33%
1988-1989 Rodez
33%
1990-1991 Saint-Quentin
33%
1937-1938 Toulouse
33%
1974-1975 Tours
33%
1983-1984 Villefranche-sur-Saône
33%
1934-1935 Villeurbanne
33%
1997-1998 Wasquehal
33%
1980-1981 Abbeville
0%
1933-1934 Anzin
0%
1970-1971 Bagneux
0%
1982-1983 Blénod-lès-Pont-à-Mousson
0%
1970-1971 Blois
0%
1970-1971 Bourges
0%
1945-1946 Brive-la-Gaillarde
0%
1970-1971 Cambrai
0%
1966-1967 Chaumont
0%
1980-1981 Corbeil-Essonnes
0%
1970-1971 Creil
0%
1971-1972 Cuiseaux
0%
1976-1977 Damparis
0%
1945-1946 Douai
0%
1970-1971 Fontainebleau
0%
1957-1958 Forbach
0%
1970-1971 Freyming-Merlebach
0%
1977-1978 Haguenau
0%
1937-1938 Hautmont
0%
1973-1974 Hazebrouck
0%
1967-1968 Joinville
0%
1945-1946 Juan-les-Pins
0%
1970-1971 La Ciotat
0%
1970-1971 Le Petit-Quevilly
0%
1988-1989 Le Touquet
0%
1937-1938 Longwy
0%
1971-1972 Louhans
0%
1976-1977 Lucé
0%
1975-1976 Malakoff
0%
1971-1972 Mantes-la-Ville
0%
1977-1978 Melun
0%
1982-1983 Montceau-les-Mines
0%
1970-1971 Montélimar
0%
1970-1971 Montluçon
0%
1979-1980 Montmorillon
0%
1971-1972 Mouzon
0%
1970-1971 Nemours
0%
1969-1970 Neuilly-sur-Seine
0%
1970-1971 Nogent-sur-Oise
0%
2015-2016 Péronnas
0%
1977-1978 Poissy
0%
1975-1976 Saint-Dié-des-Vosges
0%
1986-1987 Saint-Dizier
0%
1935-1936 Sainte-Savine
0%
1970-1971 Saint-Germain-en-Laye
0%
1989-1990 Saint-Seurin-sur-l'Isle
0%
1948-1949* Sarrebruck
0%
1976-1977 Tavaux
0%
1979-1980 Thionville
0%
1954-1955 Torcy
0%
1982-1983 Viry-Châtillon
0%
1973-1974 Vittel
0%
Aucun quiz correspondant
Distribution des résultats
% des personnes avec chaque résultat
Percentile par nombre de réponses
Votre historique - résultats
Vous n’avez pas pris ce quiz depuis la dernière actualisation